Music Quiz

Random Music or Singers Quiz

Songs on Let It Be Quiz Stats

 Plays Quiz Updated Mar 27, 2020

     
Support Sporcle.
Go Orange.
Score 0/12 Timer 04:00
0 Plays Today
Side % Correct
Side 1Let It Be
98.5%
Side 2The Long and Winding Road
68.5%
Side 2Get Back
68.2%
Side 1Dig a Pony
64.1%
Side 1Across the Universe
61.7%
Side 1Two of Us
61.2%
Side 1I Me Mine
56.8%
Side 2One After 909
53.5%
Side 1Maggie Mae
52%
Side 1Dig it
49.1%
Side 2For You Blue
45.5%
Side 2I've Got a Feeling
44.3%

From the Vault

Only One Is Not...a Fruit

by MSUKent

Science 60s
We think we figured out which one is the impostor in the fruit bowl.
Remove Ads.
Support Sporcle.
Get the best of Sporcle when you Go Orange. This ad-free experience offers more features, more stats, and more fun while also helping to support Sporcle. Thank you for becoming a member.

Show Comments

Extras

Top Quizzes Today


Score Distribution

Your Account Isn't Verified!

In order to create a playlist on Sporcle, you need to verify the email address you used during registration. Go to your Sporcle Settings to finish the process.

Report this User

Report this user for behavior that violates our Community Guidelines.

Details: